Statystyki dla Przetłumacz nazwy państw z angielskiego na polski

Kliknij tutaj aby rozwiązać quiz!

Ogólne statystyki

  • Ten quiz został rozwiązany 24,504 razy
    (23,872 od ostatniego zresetowania)
  • Średni wynik to 15 z 18

Statystyki odpowiedzi

angielski polski % Correct
FranceFrancja
100%
ItalyWłochy
99%
MexicoMeksyk
99%
RussiaRosja
99%
TurkeyTurcja
98%
SwitzerlandSzwajcaria
97%
United KingdomWielka Brytania
96%
South KoreaKorea Południowa
96%
Vatican CityWatykan
95%
LatviaŁotwa
95%
GeorgiaGruzja
80%
Solomon IslandsWyspy Salomona
80%
SeychellesSeszele
71%
DjiboutiDżibuti
67%
Equatorial GuineaGwinea Równikowa
61%
Timor-LesteTimor-Leste
58%
São Tomé and PríncipeWyspy Świętego Tomasza i Książęca
39%
EswatiniEswatini
32%

Rozkład punktacji

Percentyl według liczby udzielonych odpowiedzi

Procent ludzi z każdym wynikiem

Twoja historia wyników

Nie rozwiązałeś tego quizu od ostatniego zresetowania